| 000 -LEADER |
| fixed length control field |
00835nam a22002057a 4500 |
| 005 - DATE AND TIME OF LATEST TRANSACTION |
| control field |
20260303081847.0 |
| 008 - FIXED-LENGTH DATA ELEMENTS--GENERAL INFORMATION |
| fixed length control field |
260303b ||||| |||| 00| 0 eng d |
| 020 ## - INTERNATIONAL STANDARD BOOK NUMBER |
| International Standard Book Number |
9781407185385 |
| 040 ## - CATALOGING SOURCE |
| Transcribing agency |
KH8 |
| 082 ## - DEWEY DECIMAL CLASSIFICATION NUMBER |
| Classification number |
579 ARN |
| 100 ## - MAIN ENTRY--PERSONAL NAME |
| Personal name |
ARNOLD,NICK |
| Relator term |
AUTHOR |
| 245 ## - TITLE STATEMENT |
| Title |
Horrible Science Danger Microscopic Monsters |
| 260 ## - PUBLICATION, DISTRIBUTION, ETC. |
| Place of publication, distribution, etc. |
1 London Bridge,London SE1 9BG |
| Name of publisher, distributor, etc. |
Scholastic |
| Date of publication, distribution, etc. |
2018 |
| 300 ## - PHYSICAL DESCRIPTION |
| Extent |
204 pages |
| Other physical details |
b illustration |
| Dimensions |
13cm x 19cm |
| 520 ## - SUMMARY, ETC. |
| Summary, etc. |
Children will laugh and learn as they explore the weird side of science with the Horrible Science Series. How do vampire bats suck blood? What makes stink bombs stink? These are just a few of the questions that are answered in this wacky science fact series. |
| 650 ## - SUBJECT ADDED ENTRY--TOPICAL TERM |
| Topical term or geographic name entry element |
Juvenile Literature |
| 655 ## - INDEX TERM--GENRE/FORM |
| Genre/form data or focus term |
Science |
| 700 ## - ADDED ENTRY--PERSONAL NAME |
| Personal name |
De Saulles,Tony |
| Relator term |
iLLUSTRATOR |
| 942 ## - ADDED ENTRY ELEMENTS (KOHA) |
| Source of classification or shelving scheme |
|
| Koha item type |
Books - Non Ficton |